Karty OTW - FIFA 22 - Statystyki

Ogólne statystyki
  • Ten quiz został rozwiązany 548 razy
  • Średni wynik to 22 z 36
Statystyki odpowiedzi
OCENA KLUB KRAJ ZAWODNIK % Poprawnych
93 PSG Argentyna Messi
99%
91 Manchester United Portugalia Ronaldo
98%
88 Chelsea Belgia Lukaku
92%
88 PSG Hiszpania Ramos
90%
85 PSG Maroko Hakimi
86%
84 Real Madryt Austria Alaba
85%
87 Manchester United Anglia Sancho
84%
86 Manchester United Francja Varane
80%
86 FC Barcelona Holandia Depay
79%
84 Bayern Monachium Austria Sabitzer
72%
84 RB Lipsk Portugalia Silva
71%
84 Manchester City Anglia Grealish
70%
84 PSG Holandia Wijnaldum
69%
85 Atletico Madryt Francja Griezmann
65%
82 Bayern Monachium Francja Upamecano
65%
82 Aston Villa Jamajka Bailey
63%
78 Real Madryt Francja Camavinga
60%
80 Borussia Dortmund Holandia Malen
60%
82 Chelsea Hiszpania Saul
60%
82 Atletico Madryt Argentyna De Paul
59%
84 Al Nassr Brazylia Talisca
59%
78 Liverpool Francja Konate
57%
79 AC Milan Anglia Tomori
57%
82 Inter Holandia Dumfries
55%
84 Juventus Włochy Locatelli
54%
81 Brighton Hiszpania Cucurella
50%
81 Sevilla Dania Delaney
50%
81 Inter Argentyna Correa
48%
79 Olimpiqe Lyon Szwajcaria Shaqiri
47%
81 Aston Villa Anglia Ings
46%
78 Real Betis Hiszpania Bellerin
39%
76 AS Monaco Holandia Boadu
39%
78 Leeds Hiszpania Firpo
38%
81 Ajax Amsterdam Holandia Berghuis
37%
76 OGC Nicea Holandia Kluivert
36%
79 Sporting Portugalia Paulinho
14%
Nie znaleziono quizów pasujących do podanych kryteriów
Rozkład punktacji
Procent ludzi z każdym wynikiem
Percentyl według liczby udzielonych odpowiedzi
Twoja historia wyników
Nie rozwiązałeś tego quizu